000 00819nam a2200217 u 4500
001 000036143
005 20200930074921.0
008 111219s1990 ve r 000 0 spa d
020 _a9800101632
040 _aDO-SdBNP
_bspa
_cBNPHU
082 _axxxx
100 1 _aPicon-Salas, Mariano,
_d1901-1965
_99942
245 1 0 _aDe la conquista a la independencia y otros estudios /
_cMariano Picon-Salas ; introducción Guillermo Sucre; notas y variantes Cristian Álvarez.
260 _aCaracas :
_bMonte Ávila Editores,
_c1990.
300 _a311 p.
490 1 _aBiblioteca Mariano Picón-Salas ;
_v3
590 _aPerteneció a la biblioteca personal de Juan Isidro Jimenes Grullón
700 1 _aSucre, Guillermo
_96249
700 1 _aÁlvarez, Cristian
_960175
830 0 _aBiblioteca Mariano Picón-Salas ;
_v3
_962181
999 _c35634
_d35634